Making harmony : (Record no. 1307)
[ view plain ]
| 000 -LEADER | |
|---|---|
| fixed length control field | 00861cam a2200277Ia 4500 |
| 001 - CONTROL NUMBER | |
| control field | 55743658 |
| 003 - CONTROL NUMBER IDENTIFIER | |
| control field | OSt |
| 005 - DATE AND TIME OF LATEST TRANSACTION | |
| control field | 20180910173219.0 |
| 008 - FIXED-LENGTH DATA ELEMENTS--GENERAL INFORMATION | |
| fixed length control field | 040625s2003 ii b 001 0 eng d |
| 020 ## - INTERNATIONAL STANDARD BOOK NUMBER | |
| International Standard Book Number | 8172147120 |
| 040 ## - CATALOGING SOURCE | |
| Original cataloging agency | GZQ |
| Transcribing agency | GZQ |
| Modifying agency | OCLCQ |
| 082 ## - DEWEY DECIMAL CLASSIFICATION NUMBER | |
| Classification number | 290 |
| Item number | A482M |
| 090 ## - LOCALLY ASSIGNED LC-TYPE CALL NUMBER (OCLC); LOCAL CALL NUMBER (RLIN) | |
| Local cutter number (OCLC) ; Book number/undivided call number, CALL (RLIN) | .A43 2003 |
| 100 1# - MAIN ENTRY--PERSONAL NAME | |
| Personal name | Amaladoss, M. |
| Fuller form of name | (Michael), |
| Dates associated with a name | 1936- |
| 245 10 - TITLE STATEMENT | |
| Title | Making harmony : |
| Remainder of title | living in a pluralist world / |
| Statement of responsibility, etc. | Michael Amaladoss |
| 246 30 - VARYING FORM OF TITLE | |
| Title proper/short title | Living in a pluralist world |
| 260 ## - PUBLICATION, DISTRIBUTION, ETC. | |
| Place of publication, distribution, etc. | Delhi : |
| Name of publisher, distributor, etc. | ISPCK ; |
| Place of publication, distribution, etc. | Chennai : |
| Name of publisher, distributor, etc. | IDCR, |
| Date of publication, distribution, etc. | 2003 |
| 300 ## - PHYSICAL DESCRIPTION | |
| Extent | xiii, 186 p. ; |
| Dimensions | 22 cm |
| 504 ## - BIBLIOGRAPHY, ETC. NOTE | |
| Bibliography, etc. note | Includes bibliographical references (p. [168]-180) and index |
| 610 20 - SUBJECT ADDED ENTRY--CORPORATE NAME | |
| Corporate name or jurisdiction name as entry element | Catholic Church |
| General subdivision | Relations |
| 650 #0 - SUBJECT ADDED ENTRY--TOPICAL TERM | |
| Topical term or geographic name entry element | Religious pluralism |
| 650 #0 - SUBJECT ADDED ENTRY--TOPICAL TERM | |
| Topical term or geographic name entry element | Multiculturalism |
| 650 #0 - SUBJECT ADDED ENTRY--TOPICAL TERM | |
| Topical term or geographic name entry element | Pluralism (Social sciences) |
| 650 #0 - SUBJECT ADDED ENTRY--TOPICAL TERM | |
| Topical term or geographic name entry element | Christianity and other religions |
| 942 ## - ADDED ENTRY ELEMENTS (KOHA) | |
| Source of classification or shelving scheme | Dewey Decimal Classification |
| Koha item type | Books |
No items available.
